| 000 | 01252naa a22003377a 4500 | ||
|---|---|---|---|
| 001 | BR7903752 | ||
| 003 | BR-BrBNA | ||
| 005 | 20240918174416.0 | ||
| 007 | ta | ||
| 008 | 230509b bl.||||| |||| 00| 0 por d | ||
| 040 |
_aBR-BrBNA _bpor _cBiblioteca Nacional de Agricultura |
||
| 041 | _a(Pt) | ||
| 072 |
_aH20 _b0336 _b4120 |
||
| 090 | _aH20 BR7903752 | ||
| 100 | 1 | _aCasella, C.R. | |
| 100 | 1 | _aNoguez, M.A. | |
| 100 | 1 | _aLuzzardi, G.C. | |
| 100 | 1 | _aGastal, M.F.C. | |
| 111 | 1 |
_a1. Seminario Nacional de Pesquisa de Soja _cLondrina, PR (Brazil) _d24 Sep 1978 |
|
| 245 | 1 | _aMancha olho de ra (Cercospora sojina Hara)em soja (Glycine max (L.)Merril): estudo da variabilidade do patogeno [raca fisiologica, inoculacao artificial, fungo] | |
| 260 | 3 |
_aLondrina, PR (Brasil): _c1979. |
|
| 500 | _aAnais do 1. Seminario Nacional de Pesquisa de Soja Londrina, PR (Brasil): 1979. p. 139-143 (BR7903752-AM)H20 | ||
| 650 | _aSOJA | ||
| 650 | _aMANCHA OLHO DE RA | ||
| 650 | _aRACA FISIOLOGICA | ||
| 650 | _aINOCULACAO ARTIFICIAL | ||
| 650 | _aFUNGO | ||
| 773 | 0 |
_tAnais do 1. Seminario Nacional de Pesquisa de Soja _b _wH20 BR7903752 _gLondrina, PR (Brasil), 1979. p. 139-143 |
|
| 909 |
_a202404 _bLucia _c55 _dLucia Elande |
||
| 942 |
_cAM _2AGRIS |
||
| 999 |
_c311042 _d311042 |
||